<The> World is watching: rankings of Czech and Slovak economics departments

Gespeichert in:
Bibliographische Detailangaben
1. Verfasser: Gregor, Martin
Weitere Verfasser: Schneider, Ondřej
Format: Buchkapitel
Sprache:Englisch
Schlagworte:
Tags: Tag hinzufügen
Keine Tags, Fügen Sie das erste Tag hinzu!

MARC

LEADER 00000naa$a2200000$$$4500
001 0039584
005 20231010105214.6
041 0 |a eng 
044 |a CZ 
245 1 0 |a <The> World is watching: rankings of Czech and Slovak economics departments  |c Martin Gregor, Ondrej Schneider 
610 2 0 |a porovnanie medzinárodné 
610 2 0 |a Slovensko 
610 2 0 |a Česko 
610 2 0 |a hodnotenie pracoviska 
610 2 0 |a práca vedecká 
610 2 0 |a pracovníci vedeckí 
610 2 0 |a zdroje informačné elektronické 
610 2 0 |a veda ekonomická 
610 2 0 |a periodiká 
610 2 0 |a ekonómovia 
100 1 |a Gregor, Martin 
700 1 |a Schneider, Ondřej